000 00576nam a2200193 a 4500
005 20140310183143.0
008 020823s19uu xx 00 eng d
050 _aQA 76.6
_b.L579 1998
100 _aLeon, Alexis.
245 _aFundamentals of computer science and communication engineering /
_cAlexis Leon.
260 _aNew Delhi :
_bVikas Publishing House Pvt Ltd.,
_c1998.
300 _bill. ;
_c25 cm.
521 _aIT
650 _aComputer science
650 _aCommunication engineering
700 _aLeon, Matthews.
942 _cBK
_2lcc
_kFOR
999 _c19451
_d19451